LEADER 01361nam0-2200421---450 001 990005681070203316 005 20190403125005.0 035 $a000568107 035 $aUSA01000568107 035 $a(ALEPH)000568107USA01 035 $a000568107 100 $a20051201d1997----|||y0itaa50------ba 101 $aita 102 $ait 105 $a0 00||| 200 1 $aConsociatio civitatum$ele repubbliche nei testi elzeviriani$e1625-1649$fVittorio Conti 210 $aFirenze$cCentro Editoriale Toscano$d1997 215 $a197 p.$d24 cm. 225 2 $aPoliteia. Scienza e Pensiero$v4 410 0$12001$aPoliteia. Scienza e Pensiero$v4 606 $aPETITES REPUBLIQUES$2F 606 $aElzevier $xPubblicazioni [di] Filosofia politica$x1625-1646$2F 606 $aRepubblica$xTeorie$xEuropa$xSec. 15. / sec. 18.$2F 620 $dFIRENZE 676 $a321.86 700 1$aCONTI,$bVittorio$04592 801 0$aIT$bSA$c20111219 912 $a990005681070203316 950 0$aDipar.to di Filosofia - Salerno$dDFCC 321.86 CON$e7384 FIL 951 $aCC 321.86 CON$b7384 FIL 959 $aBK 966 $aRESPUBLICAE VARIAE$zPETITES REPUBLIQUES$3SAC004384 969 $aFIL 979 $c20121027$lUSA01$h1526 979 $c20121027$lUSA01$h1615 996 $aConsociatio civitatum$9627325 997 $aUNISA NUM $aSA0015954 LEADER 01522nam2 22003493i 450 001 VAN0097600 005 20140428033645.689 010 $a22-510-1366-0 100 $a20140415d1992 |0itac50 ba 101 $alat$aFRE 102 $aFR 105 $a|||| ||||| 200 1 $aLivre 4$fVitruve$gtexte établi, traduit et commenté par Pierre Gros 210 $aParis$cLes belles lettres$d1992 215 $aLXXIV, 231 (2-33 doppie), [7] p.$cill.$d20 cm. 461 1$1001VAN0097597$12001 $aDe l'architecture$fVitruve$1210 $aParis$cLes belles lettres$1215 $avol.$d20 cm$1300 $aTesto originale a fronte.$v4 620 $dParis$3VANL000046 700 0$aVitruvius Pollio$3VANV037673$08237 702 1$aGros$bPierre$3VANV009523$4730 712 $aLes belles lettres $3VANV109337$4650 790 1$aVitruvio Pollione, Marco$zVitruvius Pollio$3VANV077263 790 1$aVitruvio, M.$zVitruvius Pollio$3VANV077264 790 0$aVitruve$zVitruvius Pollio$3VANV077265 790 1$aVitruvius Pollio, Marcus$zVitruvius Pollio$3VANV077266 790 0$aVitruvio Pollione$zVitruvius Pollio$3VANV077267 790 0$aVitruvio$zVitruvius Pollio$3VANV077268 801 $aIT$bSOL$c20230714$gRICA 899 $aBIBLIOTECA DEL DIPARTIMENTO DI GIURISPRUDENZA$1IT-CE0105$2VAN00 912 $aVAN0097600 950 $aBIBLIOTECA DEL DIPARTIMENTO DI GIURISPRUDENZA$d00CONS XVIII.R.291 4 $e00 2798 20140415 996 $aLivre 4$91433126 997 $aUNICAMPANIA